[Event "AUTO-OPEN-1402"]
[Site "http://www.queenalice.com/game.php?id=598823"]
[Date "2009.6.5"]
[Round "2"]
[White "furmigaotora"]
[Black "nusa7"]
[Result "1-0"]
[WhiteElo "1685"]
[BlackElo "2075"]

1. e4 Nf6 2. e5 Nd5 3. c4 Nb6 4. Nf3 d6 5. d4 dxe5 6. Nxe5 e6 7. c5 Nd5 8. Qf3
Qf6 9. Qb3 Nc6 10. Bb5 Bd7 11. Bxc6 Bxc6 12. Nxc6 bxc6 13. Qb7 Rd8 14. Qxc6+ Ke7
15. Qa4 g6 16. Nc3 Nxc3 17. bxc3 e5 18. O-O Bg7 19. Qxa7 Qc6 20. Qa5 exd4 21.
Re1+ Kf8 22. Rd1 d3 23. Bf4 Rd7 24. Rab1 f6 25. Re1 Kf7 26. Qb4 Rhd8 27. Rbd1
Kg8 28. a4 g5 29. Qc4+ Kh8 30. Re6 Qa8 31. c6 Rd5 32. Bxc7 Qc8 33. Re7 Bf8 34.
Bxd8 Rxd8 35. c7 Bxe7 36. cxd8=Q+ Qxd8 37. Rxd3 Qb8 38. g3 Qb1+ 39. Kg2 Qb7+ 40.
f3 Qb2+ 41. Kh3 Qf2 42. Rd7 Bf8 43. Qf7 Qf1+ 44. Kg4 f5+ 45. Qxf5 h5+ 46. Kxg5
Qc1+ 47. f4 Qe1 48. Qh7# 1-0

[Event "AUTO-OPEN-1402"]
[Site "http://www.queenalice.com/game.php?id=598824"]
[Date "2009.6.5"]
[Round "2"]
[White "nusa7"]
[Black "furmigaotora"]
[Result "1-0"]
[WhiteElo "2075"]
[BlackElo "1685"]

1. e4 e5 2. Nf3 Nc6 3. Bb5 a6 4. Ba4 b5 5. Bb3 Nf6 6. O-O Nxe4 7. d4 Nxd4 8.
Nxd4 exd4 9. Qxd4 Bb7 10. Re1 d5 11. Qe5+ Qe7 12. Qf4 g6 13. f3 Bg7 14. fxe4 O-O
15. Nc3 dxe4 16. Be3 Rad8 17. Qf2 b4 18. Bc5 Qxc5 19. Qxc5 Bd4+ 20. Qxd4 Rxd4
21. Ne2 Rd6 22. Ng3 Re8 23. Rad1 Rxd1 24. Rxd1 e3 25. Bc4 a5 26. Rd7 Kh8 27.
Rxc7 Bc8 28. Rxf7 Rd8 29. Bd3 Be6 30. Re7 Bxa2 31. Rxe3 Bd5 32. Ne4 Kg7 33. Ng5
a4 34. Ne6+ Bxe6 35. Rxe6 Ra8 36. Ra6 Rxa6 37. Bxa6 a3 38. bxa3 bxa3 39. Bc4 Kf6
40. Kf2 Ke5 41. Ke3 h5 42. Ba2 g5 43. g3 Kf5 44. c4 Ke6 45. Kd4 Kd6 46. Ke4 Kc5
47. Kf5 1-0

[Event "Xadrez é foda"]
[Site "http://www.queenalice.com/game.php?id=609273"]
[Date "2009.6.26"]
[Round "-"]
[White "geisonm"]
[Black "furmigaotora"]
[Result "0-1"]
[WhiteElo "1502"]
[BlackElo "1698"]

1. e4 e5 2. f3 b6 3. d4 Nc6 4. d5 Nb4 5. a3 Na6 6. Nc3 Nf6 7. Bg5 h6 8. Bxf6
Qxf6 9. Nb5 Bc5 10. g3 Qg5 11. d6 Bxg1 12. Rxg1 Qe3+ 13. Be2 Qxg1+ 14. Kd2 Qxh2
15. dxc7 O-O 16. Qh1 Qxg3 17. Rg1 Qf4+ 18. Kd1 Qf6 19. Bc4 Nxc7 20. Nxc7 Qd6+
21. Nd5 Bb7 22. Kc1 Bxd5 23. exd5 Rac8 24. Bb3 a5 25. Qg2 g5 26. c3 Qg6 27. d6
Qxd6 28. Qg4 Qf6 29. Qxd7 Qxf3 30. Re1 Rcd8 31. Qe7 Qf4+ 32. Kb1 b5 33. Rh1 Qe4+
34. Bc2 Qxh1+ 35. Ka2 Rfe8 36. Qf6 e4 37. Bb3 Qh5 38. Qf5 a4 39. Bc2 Qe2 40.
Bxa4 bxa4 41. Qa5 Qc4+ 42. b3 Qxb3+ 43. Ka1 Rd1# 0-1

[Event "Challenge"]
[Site "http://www.queenalice.com/game.php?id=635346"]
[Date "2009.8.12"]
[Round "-"]
[White "EliasOliveiraJr"]
[Black "furmigaotora"]
[Result "1-0"]
[WhiteElo "1684"]
[BlackElo "1708"]

1. d4 d5 2. c4 e6 3. Nc3 Nf6 4. Nf3 c6 5. g3 Bb4 6. cxd5 Nxd5 7. Bd2 Qb6 8. Rb1
Nd7 9. a3 Bd6 10. e4 Ne7 11. Bg2 O-O 12. Qc2 e5 13. dxe5 Bxe5 14. O-O Ng6 15.
Nxe5 Ndxe5 16. Rfe1 Bg4 17. Be3 Qc7 18. f4 Nc4 19. Nd1 Nxe3 20. Nxe3 Qb6 21. Kh1
Be6 22. b4 Bd7 23. Nc4 Qc7 24. h4 Bg4 25. Qc3 Rfe8 26. Kh2 b5 27. Ne3 h5 28. Bh3
Bxh3 29. Kxh3 Qd7+ 30. Nf5 f6 31. Rbd1 Qe6 32. Rd6 Qc8 33. Rxc6 Qd7 34. Rc7
Nxf4+ 35. gxf4 Rec8 36. Qb3+ 1-0

[Event "Jason Michael Game"]
[Site "http://www.queenalice.com/game.php?id=635450"]
[Date "2009.8.12"]
[Round "-"]
[White "furmigaotora"]
[Black "geisonm"]
[Result "1-0"]
[WhiteElo "1704"]
[BlackElo "1487"]

1. d4 Nc6 2. Nf3 e6 3. e4 h6 4. Bf4 Nf6 5. Nbd2 g5 6. Be3 d5 7. e5 Ne4 8. Nb3
Bb4+ 9. Bd2 g4 10. Ng1 f6 11. c3 Ba5 12. Bb5 h5 13. Nxa5 a6 14. Bxc6+ bxc6 15.
Nxc6 Qd7 16. Nb4 fxe5 17. Be3 exd4 18. Bxd4 a5 19. Bxh8 axb4 20. cxb4 Ba6 21. a4
Qf7 22. Bd4 e5 23. Ne2 exd4 24. Qxd4 O-O-O 25. b5 Rf8 26. O-O h4 27. bxa6 g3 28.
hxg3 hxg3 29. Nxg3 Nxg3 30. fxg3 1-0

[Event "Challenge"]
[Site "http://www.queenalice.com/game.php?id=636551"]
[Date "2009.8.14"]
[Round "-"]
[White "Marcelo23Xadrez"]
[Black "furmigaotora"]
[Result "1-0"]
[WhiteElo "1761"]
[BlackElo "1698"]

1. d4 d5 2. c4 e6 3. Nc3 Nf6 4. Bg5 Nbd7 5. e3 c6 6. Nf3 Qa5 7. Bxf6 Nxf6 8. Bd3
Qb6 9. Qc2 h6 10. O-O Qc7 11. cxd5 exd5 12. Rfe1 Be7 13. e4 dxe4 14. Nxe4 O-O
15. Nxf6+ Bxf6 16. d5 Bd7 17. Rad1 Bg4 18. Be4 Qb6 19. dxc6 Rac8 20. b3 bxc6 21.
h3 Bxf3 22. Bxf3 Bd4 23. Re7 Bf6 24. Red7 c5 25. Rb7 Qe6 26. Bg4 Qc6 27. Bxc8
Rxc8 28. Rdd7 Re8 29. Qc4 Re1+ 30. Kh2 Be5+ 31. f4 Bd4 32. Qxf7+ Kh7 33. Rxd4
1-0

[Event "Challenge"]
[Site "http://www.queenalice.com/game.php?id=636552"]
[Date "2009.8.14"]
[Round "-"]
[White "furmigaotora"]
[Black "Marcelo23Xadrez"]
[Result "0-1"]
[WhiteElo "1713"]
[BlackElo "1746"]

1. e4 c5 2. Nf3 Nc6 3. d4 cxd4 4. Nxd4 Nf6 5. Nc3 d6 6. Bb5 Bd7 7. Bc4 e6 8. a3
Be7 9. Ba2 O-O 10. O-O Qb6 11. Nf3 Rac8 12. b4 Qc7 13. Nb5 Qb8 14. Re1 Nxb4 15.
Nxd6 Nxc2 16. Nxc8 Rxc8 17. Bg5 Nxe1 18. Nxe1 Bc6 19. f3 Qe5 20. Be3 Rd8 21. Qb1
b6 22. Nd3 Qc3 23. e5 Rxd3 24. exf6 Bxf6 25. Bf2 Rd8 26. Qf1 Qxa1 0-1

[Event "Challenge"]
[Site "http://www.queenalice.com/game.php?id=668536"]
[Date "2009.10.17"]
[Round "-"]
[White "Marcelo23Xadrez"]
[Black "furmigaotora"]
[Result "1-0"]
[WhiteElo "1749"]
[BlackElo "1726"]

1. d4 d5 2. c4 e6 3. Nc3 Nf6 4. Bg5 Be7 5. Nf3 O-O 6. e3 Nbd7 7. Bd3 c6 8. O-O
dxc4 9. Bxc4 Nd5 10. Bxe7 Qxe7 11. Qc2 N7f6 12. e4 Nf4 13. Qd2 Ng6 14. Qg5 h6
15. Qg3 c5 16. Rfd1 cxd4 17. Rxd4 e5 18. Rd2 Nh5 19. Qxg6 Nf4 20. Qd6 1-0

[Event "Challenge"]
[Site "http://www.queenalice.com/game.php?id=671670"]
[Date "2009.10.24"]
[Round "-"]
[White "MMANZAN"]
[Black "furmigaotora"]
[Result "1-0"]
[WhiteElo "1879"]
[BlackElo "1711"]

1. Nc3 c5 2. e4 Nc6 3. Nge2 d6 4. d4 b6 5. d5 Ne5 6. Ng3 Nf6 7. Bb5+ Nfd7 8. O-O
g6 9. f4 Bg7 10. fxe5 Bxe5 11. Qf3 O-O 12. Bh6 Re8 13. Qxf7+ Kh8 14. Bg5 Bf6 15.
Bxf6+ exf6 16. Bxd7 Bxd7 17. Qxf6+ Qxf6 18. Rxf6 b5 19. Rxd6 Re7 20. h3 b4 21.
Nd1 Rf8 22. h4 Ref7 23. h5 gxh5 24. Nxh5 Rf1+ 25. Kh2 Bg4 26. Ng3 Rxd1 27. Rxd1
Bxd1 28. c3 a5 29. cxb4 axb4 30. e5 Rf2 31. Rd8+ Kg7 32. Rd7+ Kg6 33. Rd6+ Kg5
34. Ne4+ 1-0

[Event "AUTO-INT-1275"]
[Site "http://www.queenalice.com/game.php?id=682413"]
[Date "2009.11.13"]
[Round "2"]
[White "fbenevides"]
[Black "furmigaotora"]
[Result "0-1"]
[WhiteElo "1741"]
[BlackElo "1716"]

1. Nf3 Nc6 2. Nc3 e5 3. e4 Nf6 4. a3 d6 5. Bb5 Bd7 6. Bxc6 Bxc6 7. d3 Be7 8. O-O
a6 9. Qe2 O-O 10. Rd1 Re8 11. d4 Qc8 12. d5 Bd7 13. Qe3 c6 14. dxc6 Bxc6 15. h3
h6 16. a4 Rd8 17. b3 Qc7 18. Bd2 d5 19. exd5 Nxd5 20. Nxe5 Nxe3 21. Bxe3 Qxe5
22. Ne2 b5 23. a5 b4 24. Re1 Bd6 25. Ng3 Qc3 26. Rac1 Re8 27. Ne2 Qf6 28. Nd4
Bd7 29. c4 Bc5 30. Nc2 Bxe3 31. Nxe3 Qg5 32. g4 Qxa5 33. Rcd1 Be6 34. Ra1 Qc7
35. Nc2 a5 36. Nd4 Bd7 37. Red1 a4 38. bxa4 Bxa4 39. Rdc1 b3 40. Rab1 Rab8 41.
Rc3 Re4 42. Nxb3 Bxb3 43. Rcxb3 Rxb3 44. Rxb3 Re1+ 45. Kg2 Qc6+ 46. Rf3 Qxc4 47.
Rg3 Qf1+ 48. Kf3 Qh1+ 49. Rg2 Qxh3+ 0-1

[Event "AUTO-INT-1275"]
[Site "http://www.queenalice.com/game.php?id=682414"]
[Date "2009.11.13"]
[Round "2"]
[White "furmigaotora"]
[Black "fbenevides"]
[Result "0-1"]
[WhiteElo "1733"]
[BlackElo "1769"]

1. d4 d5 2. c4 Qd6 3. Qc2 dxc4 4. Nf3 Be6 5. Nc3 a6 6. e3 b5 7. Ne4 Qd8 8. a4 c6
9. Nc5 Bc8 10. Ne5 Nf6 11. Be2 Qc7 12. Bf3 e6 13. Ng4 Nxg4 14. Bxg4 Bxc5 15.
dxc5 Qe5 16. axb5 cxb5 17. Bf3 Ra7 18. c6 Qc7 19. Qe4 O-O 20. Rb1 f5 21. Qd4 Rd8
22. Qc5 Nd7 23. Qe7 Ne5 24. Qxc7 Rxc7 25. Be2 Nxc6 26. Bd2 Rcd7 27. Bc3 Bb7 28.
b4 Ne7 29. O-O Be4 30. Ra1 Ra8 31. f3 Bd3 32. Rfe1 Bxe2 33. Rxe2 Rd3 34. Bd4 Nd5
35. Bc5 c3 36. e4 fxe4 37. fxe4 Nf4 38. Rf2 g5 39. h4 Rg3 40. hxg5 Nd3 41. Rf6
c2 42. Kh2 Rxg5 43. Be3 Re5 44. Raf1 Rxe4 45. Bh6 Rh4+ 46. Kg3 Rxh6 47. Rxh6
c1=Q 48. Rxc1 Nxc1 49. Rxe6 Nd3 50. Re4 a5 51. bxa5 Rxa5 52. Rd4 Ra3 53. Kg4 Ra4
54. Rxa4 bxa4 55. Kf5 a3 56. Ke4 Ne1 57. g4 a2 58. Ke3 a1=Q 59. Ke2 Qc3 60. g5
Kg7 0-1

[Event "Challenge"]
[Site "http://www.queenalice.com/game.php?id=683149"]
[Date "2009.11.14"]
[Round "-"]
[White "thedead"]
[Black "furmigaotora"]
[Result "0-1"]
[WhiteElo "1496"]
[BlackElo "1719"]

1. e4 e5 2. Nf3 Nc6 3. d3 Nf6 4. h3 Bc5 5. c3 d6 6. Nbd2 a6 7. Be2 b5 8. a3 a5
9. O-O O-O 10. Re1 Rb8 11. Nf1 h6 12. Ng3 Be6 13. Nh2 a4 14. Bd2 Na5 15. Ng4 Nb3
16. Rb1 Nxg4 17. Bxg4 Qh4 18. Bxe6 fxe6 19. Rf1 Qxg3 0-1

[Event "Challenge"]
[Site "http://www.queenalice.com/game.php?id=703646"]
[Date "2009.12.26"]
[Round "-"]
[White "furmigaotora"]
[Black "thedead"]
[Result "1-0"]
[WhiteElo "1702"]
[BlackElo "1642"]

1. d4 d5 2. c4 e6 3. Nc3 h6 4. Nf3 Nf6 5. Bf4 a6 6. Qa4+ Nc6 7. Nb5 axb5 8. Qxa8
bxc4 9. Qa4 Bd7 10. Qc2 Bb4+ 11. Bd2 Bd6 12. b3 b5 13. a3 O-O 14. h4 Re8 15. e3
e5 16. dxe5 Nxe5 17. Be2 Bg4 18. Bc3 Qe7 19. Nxe5 Bxe2 20. Nc6 Qd7 21. Nd4 c5
22. Nxe2 1-0

[Event "Challenge"]
[Site "http://www.queenalice.com/game.php?id=717290"]
[Date "2010.1.20"]
[Round "-"]
[White "JATS"]
[Black "furmigaotora"]
[Result "0-1"]
[WhiteElo "1270"]
[BlackElo "1720"]

1. Nc3 Nf6 2. Nf3 Nc6 3. e4 e5 4. Bc4 Bc5 5. Ng5 d5 6. exd5 Nxd5 7. Bxd5 Qxg5 8.
Qf3 O-O 9. Ne4 Qg6 10. d3 Nd4 11. Qd1 c6 12. Nxc5 cxd5 13. Be3 Qxg2 14. Kd2 Nf3+
15. Kc1 d4 16. Bd2 Nxd2 17. b3 b6 18. Na4 Nf3 19. Kb2 Bg4 20. Qd2 Nxd2 21. Rhg1
Qh3 22. Rae1 Nf3 23. Rg3 Qh5 24. Rh1 Rac8 25. h3 Bd7 26. Ka3 Rxc2 27. Nb2 Rxf2
28. Nd1 Rd2 29. Nb2 Rc8 0-1

[Event "Challenge"]
[Site "http://www.queenalice.com/game.php?id=717291"]
[Date "2010.1.20"]
[Round "-"]
[White "furmigaotora"]
[Black "JATS"]
[Result "1-0"]
[WhiteElo "1718"]
[BlackElo "1272"]

1. e4 d5 2. Nc3 d4 3. Nce2 e5 4. Nf3 f6 5. c3 c5 6. Qb3 Bd6 7. Ng3 Bg4 8. Be2
Nc6 9. Qxb7 Rc8 10. Qb5 Ne7 11. h3 Bd7 12. Qb3 Na5 13. Qc2 O-O 14. Ba6 Rb8 15.
Qd3 Ng6 16. Nh5 Nf4 17. Nxf4 exf4 18. cxd4 f5 19. e5 Qe7 20. O-O Bc7 21. Bc4+
Kh8 22. b3 Nc6 23. a3 a5 24. Qc3 Bb6 25. Bb2 cxd4 26. Qd3 Nxe5 27. Nxe5 1-0